000 00445nam a22001697a 4500
003 OSt
005 20241128155545.0
008 241128b |||||||| |||| 00| 0 eng d
020 _a978030513658
040 _aSRHU
_bEnglish
_cAhuja Book Co
082 _25th
245 _aTasman Psychiatry Vol 5
_c Tasman, Allan
_hEnglish
250 _a5th
260 _aU S A
_bSpringer
_c2024
300 _aixxiv,818p
_c22cm
942 _2ddc
_cPSYCHIA
_e5th
999 _c19270
_d19270